000 00497nam a2200181Ia 4500
005 20250508150940.0
008 008 250505s9999 xx 000 0 eng d
037 _aTextual
040 _aFEDL
_beng
_cFEDL
041 _aeng
_2eng
084 _a694, RIL
_qFEDL
100 _aRiley J W
_9758012
245 0 _aManual of carpentry and joinery
260 _aLondon, UK
_bMacmillan and Co Limited
_c1945
300 _aviii,510p
942 _cTEXL
_h694, RIL
999 _c1326661
_d1326661